2M+ Subdivisions of Africa on a Map - Statistics

General Stats
  • This quiz has been taken 116 times
    5 since last reset
  • The average score is 77 of 203
Answers on the Map
Answers color-coded by a green-red scale on the quiz's map according to % correct below.
 
Answer Stats
Country Type Subdivision % Correct
Ethiopia 2022 P City Addis Ababa
100%
Egypt 2023 E Governorate Alexandria
100%
Mali 2022 C District Bamako
100%
Republic of the Congo 2023 C Department Brazzaville
100%
Egypt 2023 E Governorate Cairo
100%
Spain 2025 Eva Community Canary Islands
100%
Morocco 2024 C Region Casablanca-Settat
100%
Senegal 2023 C Regions Dakar
100%
Tanzania 2022 C Region Dar es Salaam
100%
Ghana 2021 C Region Eastern
100%
Rwanda 2022 C Province Eastern
100%
Zambia 2022 C Province Eastern
100%
Burkina Faso 2024 P Region Est
100%
Nigeria 2022 P Territory Federal Capital Territory
100%
Morocco 2024 C Region Fès-Meknès
100%
Sudan 2018 P State Khartoum
100%
Democratic Republic of the Congo 2020 P Province Kinshasa
100%
Angola 2024 C Province Luanda
100%
Mozambique 2023 P Province Maputo
100%
Morocco 2024 C Region Marrakesh-Safi
100%
South Africa 2022 C Province Mpumalanga
100%
Kenya 2023 P County Nairobi
100%
Cameroon 2025 P Region North
100%
Ghana 2021 C Region Northern
100%
Malawi 2023 P Region Northern
100%
Rwanda 2022 C Province Northern
100%
Morocco 2024 C Region Oriental
100%
Morocco 2024 C Region Rabat-Salé-Kénitra
100%
Malawi 2023 P Region Southern
100%
Rwanda 2022 C Province Southern
100%
Zambia 2022 C Province Southern
100%
Ethiopia 2022 P Region Southern Nations,Nationalities, and Peoples' Region
100%
Morocco 2024 C Region Tanger-Tetouan-Al Hoceima
100%
Cameroon 2025 P Region West
100%
Ghana 2021 C Region Western
100%
Rwanda 2022 C Province Western
100%
Ivory Coast 2021 C District Abidjan
75%
Ghana 2021 C Region Central
75%
Malawi 2023 P Region Central
75%
Zambia 2022 C Province Central
75%
Burkina Faso 2024 P Region Centre
75%
Cameroon 2025 P Region Centre
75%
Guinea 2025 C Region Conakry
75%
Tanzania 2022 C Region Dodoma
75%
South Africa 2022 C Province Free State
75%
South Africa 2022 C Province Gauteng
75%
Egypt 2023 E Governorate Giza
75%
Ghana 2021 C Region Greater Accra
75%
Zimbabwe 2022 C Province Harare
75%
Nigeria 2022 P State Kano
75%
South Africa 2022 C Province KwaZulu-Natal
75%
Nigeria 2022 P State Lagos
75%
Zambia 2022 C Province Lusaka
75%
Cameroon 2025 P Region Northwest
75%
South Africa 2022 C Province North West
75%
Ethiopia 2022 P Region Somali
75%
Somalia 2019 Cal State Somaliland
75%
Cameroon 2025 P Region Southwest
75%
Somalia 2019 Cal State South West
75%
Ethiopia 2022 P Region South West EthiopiaPeoples' Region
75%
Ethiopia 2022 P Region Tigray
75%
Ethiopia 2022 P Region Afar
50%
Ethiopia 2022 P Region Amhara
50%
Somalia 2019 Cal Region Banaadir
50%
South Africa 2022 C Province Eastern Cape
50%
Democratic Republic of the Congo 2020 P Province Haut-Katanga
50%
Democratic Republic of the Congo 2020 P Province Kongo Central
50%
South Africa 2022 C Province Limpopo
50%
Cameroon 2025 P Region Littoral
50%
Nigeria 2022 P State Niger
50%
Sudan 2018 P State North Darfur
50%
Democratic Republic of the Congo 2020 P Province North Kivu
50%
Ethiopia 2022 P Region Oromia
50%
Nigeria 2022 P State Oyo
50%
Nigeria 2022 P State Sokoto
50%
Sudan 2018 P State South Darfur
50%
Democratic Republic of the Congo 2020 P Province South Kivu
50%
South Africa 2022 C Province Western Cape
50%
Sudan 2018 P State White Nile
50%
Nigeria 2022 P State Adamawa
25%
Algeria 2008 C Province Algiers
25%
Ghana 2021 C Region Ashanti
25%
Morocco 2024 C Region Béni Mellal-Khénifra
25%
Nigeria 2022 P State Benue
25%
Nigeria 2022 P State Borno
25%
Zambia 2022 C Province Copperbelt
25%
Nigeria 2022 P State Cross River
25%
Nigeria 2022 P State Delta
25%
Nigeria 2022 P State Edo
25%
Cameroon 2025 P Region Far North
25%
Nigeria 2022 P State Gombe
25%
Democratic Republic of the Congo 2020 P Province Haut-Lomami
25%
Democratic Republic of the Congo 2020 P Province Haut-Uélé
25%
Democratic Republic of the Congo 2020 P Province Ituri
25%
Tanzania 2022 C Region Kagera
25%
Guinea 2025 C Region Kankan
25%
Democratic Republic of the Congo 2020 P Province Kasaï
25%
Democratic Republic of the Congo 2020 P Province Kasaï-Central
25%
Democratic Republic of the Congo 2020 P Province Kasaï-Oriental
25%
Mali 2022 C Region Kayes
25%
Nigeria 2022 P State Kebbi
25%
Democratic Republic of the Congo 2020 P Province Kwango
25%
Democratic Republic of the Congo 2020 P Province Kwilu
25%
Democratic Republic of the Congo 2020 P Province Lomami
25%
Democratic Republic of the Congo 2020 P Province Lualaba
25%
Democratic Republic of the Congo 2020 P Province Mai-Ndombe
25%
Mozambique 2023 P Province Manica
25%
Zimbabwe 2022 C Province Manicaland
25%
Democratic Republic of the Congo 2020 P Province Maniema
25%
Tanzania 2022 C Region Mara
25%
Togo 2022 C Region Maritime
25%
Egypt 2023 E Governorate Minya
25%
Democratic Republic of the Congo 2020 P Province Mongala
25%
Tanzania 2022 C Region Mwanza
25%
Sudan 2018 P State North Kordofan
25%
Guinea 2025 C Region Nzérékoré
25%
Nigeria 2022 P State Ogun
25%
Nigeria 2022 P State Ondo
25%
Nigeria 2022 P State Osun
25%
Nigeria 2022 P State Plateau
25%
Nigeria 2022 P State Rivers
25%
Democratic Republic of the Congo 2020 P Province Sankuru
25%
Mali 2022 C Region Ségou
25%
Ethiopia 2022 P Region Sidama
25%
Morocco 2024 C Region Souss-Massa
25%
Democratic Republic of the Congo 2020 P Province Sud-Ubangi
25%
Tanzania 2022 C Region Tanga
25%
Democratic Republic of the Congo 2020 P Province Tanganyika
25%
Mozambique 2023 P Province Tete
25%
Senegal 2023 C Regions Thiès
25%
Democratic Republic of the Congo 2020 P Province Tshopo
25%
Niger 2020 P Region Zinder
25%
Nigeria 2022 P State Abia
0%
Nigeria 2022 P State Akwa Ibom
0%
Sudan 2018 P State Al Qadarif
0%
Madagascar 2020 P Region Analamanga
0%
Nigeria 2022 P State Anambra
0%
Tanzania 2022 C Region Arusha
0%
Egypt 2023 E Governorate Asyut
0%
Nigeria 2022 P State Bauchi
0%
Nigeria 2022 P State Bayelsa
0%
Egypt 2023 E Governorate Beheira
0%
Angola 2024 C Province Benguela
0%
Egypt 2023 E Governorate Beni Suef
0%
Angola 2024 C Province Bié
0%
Burkina Faso 2024 P Region Boucle du Mouhoun
0%
Mozambique 2023 P Province Cabo Delgado
0%
Burkina Faso 2024 P Region Centre-Nord
0%
Angola 2024 C Province Cuanza Sul
0%
Egypt 2023 E Governorate Dakahlia
0%
Senegal 2023 C Regions Diourbel
0%
Niger 2020 P Region Dosso
0%
Nigeria 2022 P State Ebonyi
0%
Nigeria 2022 P State Ekiti
0%
Nigeria 2022 P State Enugu
0%
Egypt 2023 E Governorate Faiyum
0%
Tanzania 2022 C Region Geita
0%
Sudan 2018 P State Gezira
0%
Egypt 2023 E Governorate Gharbia
0%
Burkina Faso 2024 P Region Hauts-Bassins
0%
Angola 2024 C Province Huambo
0%
Angola 2024 C Province Huíla
0%
Nigeria 2022 P State Imo
0%
Nigeria 2022 P State Jigawa
0%
Nigeria 2022 P State Kaduna
0%
Egypt 2023 E Governorate Kafr El Sheikh
0%
Kenya 2023 P County Kakamega
0%
Sudan 2018 P State Kassala
0%
Nigeria 2022 P State Katsina
0%
Kenya 2023 P County Kiambu
0%
Tanzania 2022 C Region Kigoma
0%
Guinea 2025 C Region Kindia
0%
Nigeria 2022 P State Kogi
0%
Mali 2022 C Region Koulikoro
0%
Nigeria 2022 P State Kwara
0%
Niger 2020 P Region Maradi
0%
Tanzania 2022 C Region Mbeya
0%
Egypt 2023 E Governorate Monufia
0%
Tanzania 2022 C Region Morogoro
0%
Kenya 2023 P County Nakuru
0%
Mozambique 2023 P Province Nampula
0%
Nigeria 2022 P State Nasarawa
0%
Mozambique 2023 P Province Niassa
0%
Tanzania 2022 C Region Pwani
0%
Egypt 2023 E Governorate Qalyubiyya
0%
Egypt 2023 E Governorate Qena
0%
Egypt 2023 E Governorate Sharqia
0%
Tanzania 2022 C Region Shinyanga
0%
Mali 2022 C Region Sikasso
0%
Tanzania 2022 C Region Simiyu
0%
Tanzania 2022 C Region Singida
0%
Mozambique 2023 P Province Sofala
0%
Egypt 2023 E Governorate Sohag
0%
Tanzania 2022 C Region Tabora
0%
Niger 2020 P Region Tahoua
0%
Nigeria 2022 P State Taraba
0%
Niger 2020 P Region Tillabéri
0%
Angola 2024 C Province Uíge
0%
Madagascar 2020 P Region Vakinankaratra
0%
Uganda 2020 P District Wakiso
0%
Nigeria 2022 P State Yobe
0%
Mozambique 2023 P Province Zambézia
0%
Nigeria 2022 P State Zamfara
0%
No matching quizzes found
Score Distribution
Percent of People with Each Score
Percentile by Number Answered
Your Score History
You have not taken this quiz since the last reset